ساحر لدھیانوی / (Record no. 107034)

MARC details
000 -LEADER
fixed length control field 00917nam a22002657a 4500
005 - DATE AND TIME OF LATEST TRANSACTION
control field 20170123162320.0
010 ## - LIBRARY OF CONGRESS CONTROL NUMBER
LC control number B-283578
020 ## - INTERNATIONAL STANDARD BOOK NUMBER
Terms of availability 25.00
International Standard Book Number 8126001151
035 ## - SYSTEM CONTROL NUMBER
System control number B-283578
037 ## - SOURCE OF ACQUISITION
Source of stock number/acquisition Cen Lib/Ret
040 ## - CATALOGING SOURCE
Original cataloging agency DPL
Language of cataloging UR
082 ## - DEWEY DECIMAL CLASSIFICATION NUMBER
Classification number 841.08
Item number س ا ح
100 ## - MAIN ENTRY--PERSONAL NAME
Personal name سلیمان اطہر جاوید
9 (RLIN) 788
245 ## - TITLE STATEMENT
Title ساحر لدھیانوی /
Statement of responsibility, etc سلیمان اطہر جاوید
246 ## - VARYING FORM OF TITLE
Title proper/short title Sahir Ludhyanvi /
Remainder of title by Suleman Athar Javed
260 ## - PUBLICATION, DISTRIBUTION, ETC. (IMPRINT)
Place of publication, distribution, etc دہلی
Name of publisher, distributor, etc ساہتیہ اکدمی
Date of publication, distribution, etc 2007
270 ## - ADDRESS
City دہلی
Postal code 110001
Address رویندرا بھوں ٣٥، فیروز شاہ مارگ
300 ## - PHYSICAL DESCRIPTION
Extent 70p.
Dimensions 21cm(pbk)
500 ## - GENERAL NOTE
General note کتابیات شامل
650 ## - SUBJECT ADDED ENTRY--TOPICAL TERM
Topical term or geographic name as entry element اردو ادب
9 (RLIN) 116736
650 ## - SUBJECT ADDED ENTRY--TOPICAL TERM
Topical term or geographic name as entry element اردو سوانے عمری
9 (RLIN) 116737
650 ## - SUBJECT ADDED ENTRY--TOPICAL TERM
Topical term or geographic name as entry element Urdu literature
9 (RLIN) 116738
650 ## - SUBJECT ADDED ENTRY--TOPICAL TERM
Topical term or geographic name as entry element Urdu biography
9 (RLIN) 511
942 ## - ADDED ENTRY ELEMENTS (KOHA)
Source of classification or shelving scheme Dewey Decimal Classification
Koha item type Urdu Bks
Classification part 841.08
Call number suffix س ا ح
Holdings
Withdrawn status Lost status Damaged status Not for loan Home library Current library Date acquired Source of acquisition Cost, normal purchase price Total Checkouts Full call number Barcode Date last seen Date checked out Copy number Cost, replacement price Price effective from Koha item type
        Central Library Central Library 01/01/2016 Cen Lib/Ret 25.00 1 841.08 س ا ح B-283578 27/01/2019 14/01/2019 1 25.00 01/01/2016 Urdu Bks

© Delhi Public Library
Hit Counter
free hit counter